President, Vice President, or Both? - Statistics

General Stats
  • This quiz has been taken 72 times
  • The average score is 9 of 10
Answer Stats
Question Answer % Correct
Abraham Lincoln President
100%
Donald Trump President
100%
John F. Kennedy President
100%
Aaron Burr Vice President
100%
Joseph Biden Both
97%
Ronald Reagan President
97%
Mike Pence Vice President
97%
John Adams Both
91%
George Clinton Vice President
86%
Millard Fillmore Both
74%
No matching quizzes found
Score Distribution
Percent of People with Each Score
Percentile by Number Answered
Your Score History
You have not taken this quiz